| 000 | 00797nam a2200241Ia 4500 | ||
|---|---|---|---|
| 005 | 20260401142134.0 | ||
| 008 | 210303s9999 xx 000 0 und d | ||
| 016 | _2reto2022b | ||
| 040 |
_aNLN _bEnglish _eAACR2 |
||
| 050 |
_aPQ1860 _b.M12 |
||
| 082 | _a842.4 | ||
| 100 |
_aMCBRIDE, Robert _eaut _944976 |
||
| 245 | 4 |
_aThe sceptical vision of Moliere : _ba study in Paradox / _cRobert McBride |
|
| 260 |
_aNew York : _bBarnes & Noble , _c1977. |
||
| 300 |
_a[?]p. _b[?]cm. |
||
| 563 | _a(pbk) | ||
| 650 |
_aMolière, 1622-1673 _vCriticism and interpretation _xHistory _x18th century _962440 |
||
| 650 |
_aFrench drama (Comedy) _vHistory and criticism _xTheory, etc. _962441 |
||
| 650 |
_aCriticism _vFrance _xHistory _x18th century _962442 |
||
| 650 | _aEnlightenment | ||
| 942 | _cBK | ||
| 942 | _n0 | ||
| 999 |
_c23691 _d23691 |
||